1991 1484 1107 1621 1956 1487 1500 1872 1508 1915 1177 1286 1071 1158 1622 1719 1486 1267 1318 1330 1252 1939 1468 1135 1466 1924 1635 1629 1682 1672 1085 1917 1593 1166 1072 1184 1313 1077 1933 1758 1261 1043 1891 1602 1459 1877 1664 1117 1977 1168 1779 1373 1475 1873 1663 1807 1312 1821 1522 1775 1696 1526 1444 1618 1926 1469 1138 1797 1293 1020 1300 1881 1677 1815 1123 1181 1241 1180 1349 1106 1584 1981 1418 1334 1447 1669 1182 1360 1250 1058 1765 1194 1947 1692 1173 1572 1373 1479 1329 BCNSPRNW ULIB Ver.6.0+V

เปลี่ยนเป็นภาษาไทย

Change to English
 แสดงรายละเอียดบรรณานุกรม
  กลับหน้าหลัก

Brief Record : Get Marc (ISO 2709) : E-mail record : QR code < ปิดหน้าต่าง
LEADER : 00000nam 2200000uu 4500
001    13399125870
003     ULIB
008    170920s2560||||th 000 0 tha d
020    ^a9786169258711
060 04 ^aWS280^bP371 2560
245 00 ^aPediatric critical care :^beveryday practice /^cบรรณาธิการ ดุสิต สถาวร...[และคนอื่น ๆ]
250    ^aพิมพ์ครั้งที่ 1
260    ^aกรุงเทพฯ :^bสมาคมโรคระบบหายใจและเวชบำบัดวิกฤตในเด็ก,^c2560
300    ^a261 หน้า :^bภาพประกอบ ;^c27 ซม.
504    ^aเอกสารอ้างอิงท้ายบท
504    ^aดัชนีท้ายเล่ม
650  2 ^aRespiratory Tract Diseases^xin infancy & childhood
650  4 ^aโรคระบบหายใจ
650  4 ^aทางเดินหายใจ, โรค
700 0  ^aดุสิต สถาวร,^eบรรณาธิการ
700    ^aเฉลิมไทย เอกศิลป์^eบรรณาธิการ
700    ^aรุจิภัตต์ สำราญสำรวจกิจ^eบรรณาธิการ
700    ^aกวีวรรณ ลิ้่มประยูร^eบรรณาธิการ
700    ^aณัฐชัย อนันตสิทธิ์^eบรรณาธิการ
710 2  ^aสมาคมโรคระบบหายใจและเวชบำบัดวิกฤตในเด็ก
945    ^p0^l0^i003275
945    ^p0^l0^i003276
945    ^p0^l0^i003277
945    ^p440^l0^i003786
945    ^p440^l0^i003787
945    ^p440^l0^i003788
999    ^aประนอม เกษจรัล
รายการนี้ยังไม่มีแท็ก
คุณยังไม่ได้ล็อกอิน คุณสามารถมีกิจกรรมร่วมกับเว็บไซต์ได้ แต่ต้องล็อกอินก่อน ::
  ล็อกอิน

รายการสื่อสารสนเทศ

ลำดับที่ ประเภท เลขเรียก/บาร์โค้ด สถานที่ สถานะ
1. วิทยาศาสตร์การแพทย์ และสุขภาพ
หนังสือสำรอง
สถานะ=หนังสือสำรอง
WS280 P371 2560 ฉ.1 
  Barcode: 003275
ห้องสมุดวิทยาเขตสวรรค์ประชารักษ์
►หนังสือทั่วไป
บนชั้น
2. วิทยาศาสตร์การแพทย์ และสุขภาพ
วิทยาศาสตร์การแพทย์ และสุขภาพ
WS280 P371 2560 ฉ.2 
  Barcode: 003276
ห้องสมุดวิทยาเขตสวรรค์ประชารักษ์
►หนังสือทั่วไป
บนชั้น
3. วิทยาศาสตร์การแพทย์ และสุขภาพ
วิทยาศาสตร์การแพทย์ และสุขภาพ
WS280 P371 2560 ฉ.3 
  Barcode: 003277
ห้องสมุดวิทยาเขตสวรรค์ประชารักษ์
►หนังสือทั่วไป
บนชั้น
4. วิทยาศาสตร์การแพทย์ และสุขภาพ
วิทยาศาสตร์การแพทย์ และสุขภาพ
WS280 P371 2560 ฉ.4 
  Barcode: 003786
ห้องสมุดวิทยาเขตนครสวรรค์
►นวนิยาย:l:Fiction
บนชั้น
5. วิทยาศาสตร์การแพทย์ และสุขภาพ
วิทยาศาสตร์การแพทย์ และสุขภาพ
WS280 P371 2560 ฉ.5 
  Barcode: 003787
ห้องสมุดวิทยาเขตนครสวรรค์
►นวนิยาย:l:Fiction
บนชั้น
6. วิทยาศาสตร์การแพทย์ และสุขภาพ
วิทยาศาสตร์การแพทย์ และสุขภาพ
WS280 P371 2560 ฉ.6 
  Barcode: 003788
ห้องสมุดวิทยาเขตนครสวรรค์
►นวนิยาย:l:Fiction
บนชั้น

รายการใกล้เคียง
    หัวเรื่อง [โรคระบบหายใจ]
    หัวเรื่อง [ทางเดินหายใจ, โรค]

BibComment


ยังไม่เคยถูกคอมเมนท์

คอมเมนท์ทรัพยากรรายการนี้
  คอมเมนท์: Pediatric critic..


 Copyright 2026. Bcnsprnw @Library